000 00457 a2200157 4500
003 Nust
005 20170207165509.0
040 _cNust
082 _a005.1
100 _aChaudhry, Muhammad Hamza BESE-16
245 _aSemantics Based Intelligent Job Portal (Hard / Soft-copy)
_cMuhammad Hamza Chaudhry, Hira Wahid, Muhammad Kamran Saeed BESE-16
260 _aMCS
_bRawalpindi
_c2014
300 _axiii, 81 p
650 _aUG Projects
651 _aUG CSE Project
942 _cPRG
999 _c212204
_d212204